000 00270nam a2200097Ia 4500
001 689329
005 20250826161632.0
008 250824s9999 xx 000 0 und d
245 0 _aHZ.PEYGAMBERİN İZİNDE
_cAHMET ÖNKAL/ADEM APAK/BÜNYAMİN ERUL
260 _bDİB YAYINLARI
999 _c689329
_d689329